Giáo trình giáo dục quốc phòng - an ninh Dùng cho sinh viên các trường đại học, cao đẳng T. 1

Trình bày đối tượng, phương pháp nghiên cứu môn học giáo dục quốc phòng - an ninh, quan điểm của chủ nghĩa Mác -Lênin, tư tưởng Hồ Chí Minh về chiến tranh quân đội và bảo vệ tổ quốc, xây dựng nền quốc phòng toàn dân, an ninh nhân dân......

Celý popis

Uloženo v:
Podrobná bibliografie
Další autoři: Đào Huy Hiệp (Tác giả), Nguyễn Mạnh Hưởng.. (Tác giả)
Médium: Kniha
Jazyk:Vietnamese
Vydáno: H. Giáo dục 2008
Témata:
Tagy: Přidat tag
Žádné tagy, Buďte první, kdo otaguje tento záznam!
Thư viện lưu trữ: Mạng thư viện Đại học Đà Nẵng
LEADER 01663nam a2200385 4500
001 000007515
003 3677
005 20111005091000.0
008 111005s2008 viesd
020 |c 24000đ 
041 0 |a vie 
082 |a 355.0071  |b Gia 
245 1 0 |a Giáo trình giáo dục quốc phòng - an ninh  |b Dùng cho sinh viên các trường đại học, cao đẳng  |c Nguyễn Mạnh Hưởng, Lưu Ngọc Khải...  |n T. 1 
260 |a H.  |b Giáo dục  |c 2008 
300 |a 227 tr  |c 24 cm 
504 |a Thư mục: tr. 223-225 
520 |a Trình bày đối tượng, phương pháp nghiên cứu môn học giáo dục quốc phòng - an ninh, quan điểm của chủ nghĩa Mác -Lênin, tư tưởng Hồ Chí Minh về chiến tranh quân đội và bảo vệ tổ quốc, xây dựng nền quốc phòng toàn dân, an ninh nhân dân... 
653 |a An ninh 
653 |a Giáo dục Quân sự 
653 |a Quốc phòng 
653 |a Giáo dục 
700 |a Đào Huy Hiệp  |e Tác giả 
700 |a Nguyễn Mạnh Hưởng..  |e Tác giả 
773 |t Giáo trình giáo dục quốc phòng - an ninh  |w 3674 
910 |a Nguyễn Thị Kim Oanh  |d 05/10/2011 
OWN |a LSP 
AVA |a UDN50  |b LSP  |d 355.0071 Gia  |e check_holdings  |t Error 5003 Not defined in file expand_doc_bib_avail.  |h N  |k 1 
999 |a From the UDN01 
AVA |a UDN50  |b LSP  |d 355.0071 Gia  |e available  |t Error 5001 Not defined in file expand_doc_bib_avail.  |f 40  |g 0  |h N  |i 0  |k 1 
TYP |a Monograph 
TYP |a Printed language 
980 |a Mạng thư viện Đại học Đà Nẵng